Gae Aulenti / (Record no. 19370)

000 -LEADER
fixed length control field 01489cam a22003617a 4500
001 - CONTROL NUMBER
control field 12995857
005 - DATE AND TIME OF LATEST TRANSACTION
control field 20170116103844.0
008 - FIXED-LENGTH DATA ELEMENTS--GENERAL INFORMATION
fixed length control field 021107s2003 nyua bc 000 0 eng d
010 ## - LIBRARY OF CONGRESS CONTROL NUMBER
LC control number 2002115847
020 ## - INTERNATIONAL STANDARD BOOK NUMBER
International Standard Book Number 0789308908
020 ## - INTERNATIONAL STANDARD BOOK NUMBER
International Standard Book Number 9780789308900
035 ## - SYSTEM CONTROL NUMBER
System control number (OCoLC)ocm52839775
040 ## - CATALOGING SOURCE
Original cataloging agency SNN
Transcribing agency SNN
Modifying agency YBM
-- BAKER
-- LVB
-- YDXCP
-- DLC
042 ## - AUTHENTICATION CODE
Authentication code lccopycat
043 ## - GEOGRAPHIC AREA CODE
Geographic area code e-it---
045 ## - TIME PERIOD OF CONTENT
Time period code x4x-
050 00 - LIBRARY OF CONGRESS CALL NUMBER
Classification number NA1123 .A926A4 2003
100 1# - MAIN ENTRY--PERSONAL NAME
Personal name Petranzan, Margherita.
240 10 - UNIFORM TITLE
Uniform title <a href="Gae Aulenti.">Gae Aulenti.</a>
Language of a work English
245 10 - TITLE STATEMENT
Title Gae Aulenti /
Statement of responsibility, etc. Margherita Petranzan ; [translation: Lucinda Byatt].
260 ## - PUBLICATION, DISTRIBUTION, ETC. (IMPRINT)
Place of publication, distribution, etc. New York, NY :
Name of publisher, distributor, etc. Universe,
Date of publication, distribution, etc. 2003.
300 ## - PHYSICAL DESCRIPTION
Extent 256 p. :
Other physical details ill. (some col.) ;
Dimensions 21 cm.
504 ## - BIBLIOGRAPHY, ETC. NOTE
Bibliography, etc Includes bibliographical references (p. 252-255).
505 0# - FORMATTED CONTENTS NOTE
Formatted contents note Roaming and being rooted -- Evocations -- Order and transgression -- Analogous objects -- Commentaries.
600 10 - SUBJECT ADDED ENTRY--PERSONAL NAME
Personal name Aulenti, Gae
Form subdivision Catalogs.
650 #0 - SUBJECT ADDED ENTRY--TOPICAL TERM
Topical term or geographic name as entry element Architecture
Geographic subdivision Italy
General subdivision History
Chronological subdivision 20th century
Form subdivision Catalogs.
650 #0 - SUBJECT ADDED ENTRY--TOPICAL TERM
Topical term or geographic name as entry element Design
Geographic subdivision Italy
General subdivision History
Chronological subdivision 20th century
Form subdivision Catalogs.
700 1# - ADDED ENTRY--PERSONAL NAME
Personal name Aulenti, Gae.
942 ## - ADDED ENTRY ELEMENTS (KOHA)
Source of classification or shelving scheme
Koha item type Hard Covered Materials
Holdings
Withdrawn status Lost status Source of classification or shelving scheme Damaged status Not for loan Home library Current library Shelving location Date acquired Source of acquisition Total Checkouts Full call number Barcode Date last seen Price effective from Koha item type
          MACHAKOS UNIVERSITY LIBRARY MACHAKOS UNIVERSITY LIBRARY Technical section 16/01/2017 Donation(BFA)   NA1123 .A926A4 2003 29549 12/06/2018 16/01/2017 Hard Covered Materials
© Machakos University Library, Along The Highway, Machakos Wote Rd, Machakos, Kenya P.O. Box 136 - 90100 Machakos - Kenya

Tel: ( +254 ) 723 805829 OR Fax : 044-20353 OR Email: library@mksu.ac.ke